Latin America Top 10 Geography #2 - Statistics

General Stats
  • This quiz has been taken 98 times
  • The average score is 67 of 103
Answer Stats
Hint Answer % Correct
2) 38'433'078 Mexico City Intl.
100%
4) September 16, 1810 Mexico
99%
1) 117°02'W Mexico
99%
1) 8'851'080 Mexico City
99%
9) 83°04'W Panama
99%
7) 468'843 Panama City
99%
10) 13'434'673 Tocumen Intl.
99%
September 15, 1821 Guatemala
98%
2) 92°15'W Guatemala
98%
3) 994'078 Guatemala City
98%
3) 8'264km2 Lake Nicaragua
94%
4) 89°12'W Belize
93%
7) 57°30'W Bolivia
93%
1) 34°47'W Brazil
93%
6) February 12, 1818 Chile
93%
8) September 15, 1821 Costa Rica
93%
7) 85°50'W Costa Rica
93%
September 15, 1821 Nicaragua
93%
6) 87°40'W Nicaragua
93%
3) May 25, 1810 Argentina
91%
3) 53°41'W Argentina
91%
September 15, 1821 El Salvador
91%
3) 90°15'W El Salvador
91%
5) May 14, 1811 Paraguay
91%
5) 54°15'W Paraguay
91%
4) 54°00'W Suriname
91%
4) 2'117'615 Havana
90%
September 15, 1821 Honduras
90%
5) 88°43'W Honduras
90%
2) 53°05'W Uruguay
90%
9) May 24, 1822 Ecuador
89%
6) 56°30'W Guyana
89%
3) July 20, 1810 Colombia
88%
7) July 28, 1821 Peru
87%
10) 81°19'W Peru
87%
2) April 19, 1810 Venezuela
85%
9) 59°45'W Venezuela
85%
7) (a rainforest) Amazon Rainforest
84%
2) 2'618'894 Port-au-Prince
83%
10) 60°31'W Trinidad and Tobago
83%
8) 84°58'W Cuba
80%
8) 377'917 San José
80%
8) 59°26'W Barbados
79%
1) (an Inca citadel) Machu Picchu
79%
6) (an Ecuadorian archipelago) Galapagos Island
77%
3) 1'495'182 Guadalajara
77%
1) January 1, 1804 Haiti
77%
1) 3'658'648 Santo Domingo
77%
1) 1'190'230 Tegucigalpa
74%
9) 16'942'229 Rio de Janeiro-Galeão Intl.
73%
10) (a Rio de Janeiro statue) Cristo Redentor
72%
5) 1'190'763 Kingston
72%
8) 1'024km2 Lake Managua
72%
2) 1'048'134 Managua
72%
8) 17'251'406 Comodoro Arturo Merino Benítez Intl.
71%
2) 8'372km2 Lake Titicaca
71%
4) (a Chilean island) Easter Island
70%
6) 1'049'084 Santiago de Cuba
70%
7) 891'674 Santiago de los Caballeros
70%
1) 38'984'587 São Paulo-Guaralhos Intl.
70%
4) 1'850km2 Lake Buenos Aires
68%
9) 1'135'512 Monterrey
67%
1) 3'620'897 Puerto Rico
67%
6) 19'279'644 São Paulo-Congonhas
67%
8) (a very dry desert) Atacama Desert
65%
5) 19'596'485 Cancún Intl.
65%
3) 112'162 Aruba
63%
6) 1'300'983 Tijuana
63%
7) 17'575'919 Jorge Chávez Intl.
62%
8) 32'680 British Virgin Islands
61%
4) 104'170 US Virgin Islands
61%
3) 29'956'551 El Dorado Intl.
60%
3) 2'196'538 San Juan
57%
9) 31'530 Collectivity of Saint Martin
55%
7) 39'689 Sint Maarten
55%
3) (waterfalls) Iguazu Falls
51%
4) 19'821'796 Brasília Intl.
50%
2) 146'836 Curaçao
50%
4) 1'434'062 Puebla
50%
5) 1'321'004 Ciudad Juárez
46%
8) 546'014 Port of Spain
45%
5) 54'914 Cayman Islands
40%
10) 16'086 Anguilla
38%
9) (a Rio de Janeiro peak) Sugarloaf
38%
6) 49'070 Turks and Caicos Islands
34%
7) 1'238'962 León
28%
2) 1'655'015 Ecatepec de Morelos
27%
4) 742'118 San Pedro Sula
23%
2) (a salt flat) Salar de Uyuni
15%
5) (a national park) Torres del Paine
12%
8) 1'142'183 Zapopan
10%
10) 1'104'585 Nezahualcóyotl
6%
9) 511'345 Carrefour
5%
10) 1'000km2 Lake Poopó
5%
5) 1'415km2 Lago Argentino
4%
6) 1'100km2 Lake Chapala
4%
9) 355'429 San Miguelito
4%
10) 280'435 Soyapango
4%
5) 564'686 Villa Nueva
4%
10) 395'260 Delmas
2%
6) 495'079 Mixco
2%
9) 1'013km2 O'Higgins Lake
2%
7) 1'083km2 Viedma Lake
2%
No matching quizzes found
Score Distribution
Percent of People with Each Score
Percentile by Number Answered
Your Score History
You have not taken this quiz